banner koha

Allometric relationship and leaf area modeling estimation on chia by non-destructive method (Registro n. 338221)

MARC details
000 -LÍDER
fixed length control field 04551nab a2200337 i 4500
003 - CÓDIGO MARC DA AGÊNCIA CATALOGADORA
Campo de controle BR-BrBNA
005 - DATA E HORA DA ÚLTIMA ATUALIZAÇÃO
Campo de controle 20250917143009.0
008 - CAMPO DE TAMANHO FIXO
fixed length control field 250917b2021 bl.mr|pooa||| 00| 0 eng |
040 ## - FONTE DA CATALOGAÇÃO
Agência catalogadora BR-BrBNA
Idioma da catalogação eng
072 ## - CATEGORIA AGRIS
Código AGRIS F50
072 ## - CATEGORIA AGRIS
Código AGRIS U10
100 ## - ENTRADA PRINCIPAL - NOME PESSOAL
Nome pessoal Goergen , Patrícia C. H.
100 ## - ENTRADA PRINCIPAL - NOME PESSOAL
Nome pessoal Lago, Isabel
100 ## - ENTRADA PRINCIPAL - NOME PESSOAL
Nome pessoal Schwab, Natalia T.
100 ## - ENTRADA PRINCIPAL - NOME PESSOAL
Nome pessoal Alves , Alexandre F.
100 ## - ENTRADA PRINCIPAL - NOME PESSOAL
Nome pessoal Freitas , Charles P. de O.
100 ## - ENTRADA PRINCIPAL - NOME PESSOAL
Nome pessoal Selli, Verlaine S.
245 ## - TÍTULO PRINCIPAL
Título principal Allometric relationship and leaf area modeling estimation on chia by non-destructive method
500 ## - NOTA GERAL
Nota geral Publicação on-line; 27 ref.; 4 illus; Sumaries (En, Pt)
942 ## - ADDED ENTRY ELEMENTS (KOHA)
Koha item type Analítica
520 ## - NOTA DE RESUMO
Nota de conteúdo <br/><br/>ABSTRACT: This study aimed to obtain equations to estimate leaf area from linear leaf dimensions and establish the allometric relationship between leaf area and the number of leaves on the main stem of chia (Salvia hispanica L.) at different sowing times. The experiment was conducted in the agricultural year 2016/2017 on five sowing times in Santa Maria, RS, Brazil, in a randomized block design with four epetitions. In each plot, ten random plants were marked weekly during the vegetative phase to determine the number of leaves (NL) in the main stem, and three of these for the determination of leaf area (LA). A total of 70 leaves of different sizes were used to calibrate the model. Another 106 leaves were used to test the predictive capacity of the equations by various statistical indices. The length (L) and the largest leaf width (W) were measured. Leaf collection was carried out during the cycle, in all sowing times to represent all leaf sizes. The linear, quadratic, exponential, and potential models were adjusted. The non-destructive method, through the linear dimensions of the leaf, is appropriate for estimating the leaf area in chia. The general equation LA = 0.642 (L x W) can be used to estimate the leaf area of the chia plants without loss of precision. The potential model is appropriate to characterize the allometric relationship between leaf area evolution and the number of leaves accumulated in the main stem of chia at different sowing times.<br/><br/>Key words: Salvia hispanica L., leaf area, mathematical models, linear dimensions, plant growth
520 ## - NOTA DE RESUMO
Nota de conteúdo <br/><br/>RESUMO: Objetivou-se neste estudo obter equações para estimar a área foliar a partir de dimensões lineares da folha e estabelecer a relação alométrica entre a área foliar e o número de folhas da haste principal de chia (Salvia hispanica L.) em diferentes épocas de semeadura. O experimento foi conduzido no ano agrícola 2016/2017 em cinco épocas de semeadura em Santa Maria, RS, Brasil, em delineamento de blocos ao acaso com quatro repetições. Em cada parcela, dez plantas ao acaso foram marcadas para determinação semanal do número de folhas (NF) na haste principal durante a fase vegetativa, e três para determinação da área foliar (AF). Um total de 70 folhas de diferentes tamanhos foram usadas para calibrar o modelo e outras 106 folhas foram usadas para testar a capacidade preditiva das equações por vários índices estatísticos, nas quais foram medidos o comprimento (C) e a maior largura da folha (L). A coleta de folhas foi realizada durante o ciclo de desenvolvimento de todas as épocas de semeadura para ter representação de todos os tamanhos de folhas. Os modelos linear, quadrático, exponencial e potencial foram ajustados. O método não destrutivo, através das dimensões lineares da folha, é adequado para estimar a área foliar em chia. A equação geral AF = 0.642 (L x W) pode ser usada para estimar a área foliar das plantas de chia sem perda de precisão. O modelo potencial é adequado para caracterizar a relação alométrica entre a evolução da área foliar e o número de folhas acumuladas na haste principal de chia em diferentes épocas de semeadura.<br/><br/>Palavras-chave: Salvia hispanica L., área foliar, modelos matemáticos, dimensões lineares, crescimento de planta
650 ## - ASSUNTO - THESAGRO
Cabeçalho tópico ou nome geográfico CHIA
650 ## - ASSUNTO - THESAGRO
Cabeçalho tópico ou nome geográfico CRESCIMENTO
650 ## - ASSUNTO - THESAGRO
Cabeçalho tópico ou nome geográfico ÁREA FOLIAR
650 ## - ASSUNTO - THESAGRO
Cabeçalho tópico ou nome geográfico ÉPOCA DE SEMEADURA
650 ## - ASSUNTO - THESAGRO
Cabeçalho tópico ou nome geográfico MODELO MATEMÁTICO
773 0# - ENTRADA ANALÍTICA
Host Biblionumber 3534
Registro do item 317809
Imprenta Campina Grande-PB Universidade Federal de Campina Grande. Centro de Ciências e Tecnologia 1997
Outro identificador 2024-4528
Título Revista Brasileira de Engenharia Agrícola e Ambiental (Brazil)
ISSN 1415-4366
Colação v. 25 (5) p. 305-311; (2021)
Número de controle de registro BR2025003652
856 ## - ACESSO E ENDEREÇO ELETRÔNICO
Identificador uniforme de recurso - URI https://www.scielo.br/j/rbeaa/a/B7JD4ZgJt74dDXc6ssLfSwv/?format=pdf&lang=en

Nenhum exemplar disponível.

BINAGRI

Telefone: (61)3218-2567/2388/3357/2097 - binagri@agro.gov.br

Ministério da Agricultura e Pecuária , Esplanada dos Ministérios, Bloco D, Anexo B, Brasília/DF, CEP: 70.043-900